|
|
|
|
| LEADER |
00000ny a22000003n 4500 |
| 005 |
20110525131722.0 |
| 008 |
080619s2003 sp s 000 0 spa c |
| 035 |
|
|
|a 235
|
| 040 |
|
|
|a UMA.RE
|d vLex
|
| 080 |
|
|
|a 347.848(460)(0.034)
|
| 090 |
|
|
|c 281
|d 281
|
| 100 |
1 |
|
|a Pic ̤i Junoy, Joan
|
| 245 |
1 |
3 |
|a La prueba pericial en el derecho civil Espaǫl
|h [Recurso electrn̤ico]
|b Ley 1/2000, de Enjuiciamiento Civil /
|c Joan Pic ̤i Junoy
|
| 256 |
|
|
|a Servicio en ln̕ea
|
| 260 |
|
|
|a [Barcelona] :
|b J.M. Bosch,
|c 2003
|
| 506 |
1 |
|
|a Contenido solo disponible en los productos indicados
|d vLex Global
|d vLex Global (Academic Edition, excluding Law Schools)
|d vLex Global (U.S. Academic Edition, Law Schools)
|d vLex Global (U.S. Academic Edition, excluding Law Schools)
|d vLex Global (Academic Edition, Law Schools)
|
| 650 |
0 |
4 |
|2 Tesauro vLex
|a Ley de enjuiciamiento civil
|
| 650 |
0 |
4 |
|2 Tesauro vLex
|a Procesal
|
| 650 |
0 |
4 |
|2 Tesauro vLex
|a Prueba
|
| 650 |
0 |
4 |
|2 Tesauro vLex
|a Medios de prueba
|
| 650 |
0 |
4 |
|2 Tesauro vLex
|a Prueba pericial
|
| 740 |
0 |
|
|a vLex Libros (Servicios en ln̕ea)
|
| 856 |
4 |
0 |
|z Acceso restringido
|u http://vlex.com/source/prueba-pericial-enjuiciamiento-civil-235
|
| 942 |
|
|
|c BOOK
|
| 999 |
0 |
|
|a Civil Law
|b Barcelona
|